Zhodnotenie vplyvu požiaru v káblových priestoroch na bezpečnosť a spoľahlivosť prevádzky jadrových elektrární s reaktormi VVER : Kand.diz.práca : V.odb. 39-21-9 : Obh. 17.05.1989 /

Saved in:
Bibliographic Details
Main Author: Kandráč, Ján, 1953- (Author)
Other Authors: Marko, Štefan (Thesis advisor)
Format: Manuscript Book
Published: Bratislava : SVŠT v Bratislave EF, 1987
Subjects:
Tags: Add Tag
No Tags, Be the first to tag this record!

MARC

LEADER 00000ntm a22000003a 4500
001 stu4362
005 20150617225809.8
008 ------s1987----------------------------d
040 |a STU  |b slo 
041 0
100 1 |a Kandráč, Ján,  |d 1953-  |4 aut  |u M390  |U MTF Materiálovotechnologická fakulta  |T MTF Katedra environmentálneho a bezpečnostného inžinierstva  |X 1073  |U M390  |Y 177  |7 A000001073 
245 1 |a Zhodnotenie vplyvu požiaru v káblových priestoroch na bezpečnosť a spoľahlivosť prevádzky jadrových elektrární s reaktormi VVER :  |b Kand.diz.práca : V.odb. 39-21-9 : Obh. 17.05.1989 /  |c [aut.] Kandráč,Ján, Ing.; Škol. Marko,řtefan 
260 |a Bratislava :  |b SVŠT v Bratislave EF,  |c 1987 
300 |a 130 s :  |b príl +  |c Autoref.1987, 22 s 
650 7 |a energetika  |2 stusub 
650 7 |a bezpečnosť jadrovoenergetických zariadení  |2 stusub 
650 7 |a káble  |2 stusub 
700 1 |a Marko, Štefan  |4 ths  |u E130  |U FEI Fakulta elektrotechniky a informatiky  |T FEI Katedra elektroenergetiky  |U E130  |Y 59 
996 |b 284ED00404  |c E*KDIZ-586  |l EE01  |s A  |a 24  |w stu4362_0001